Process capability indices - traditional quality control approach and the loss function approach

Gespeichert in:
Bibliographische Detailangaben
1. Verfasser: Hrnčiarová, Ľubica
Weitere Verfasser: Terek, Milan
Format: Buchkapitel
Sprache:Englisch
Tags: Tag hinzufügen
Keine Tags, Fügen Sie das erste Tag hinzu!

MARC

LEADER 00000naa$a2200000$$$4500
001 0089625
005 20240502083230.9
041 0 |a eng 
044 |a CZ 
245 1 0 |a Process capability indices - traditional quality control approach and the loss function approach  |c Ľubica Hrnčiarová, Milan Terek 
100 1 |a Hrnčiarová, Ľubica 
700 1 |a Terek, Milan